Fictional Characters by Color - Red - Statistics

General Stats
  • This quiz has been taken 953 times
  • The average score is 14 of 20
Answer Stats
Picture Answer % Correct
Mario
99%
Spider-Man
99%
The Flash
93%
Deadpool
90%
Elmo
89%
Captain Hook
87%
Mr. Incredible
81%
Lightning McQueen
80%
Mr. Krabs
69%
Optimus Prime
66%
Daredevil
65%
Darth Maul
64%
Sebastian
60%
Red Ranger
57%
Hellboy
56%
Knuckles
53%
Red Skull
51%
Iago
41%
Carnage
38%
Fat Albert
35%
No matching quizzes found
Score Distribution
Percent of People with Each Score
Percentile by Number Answered
Your Score History
You have not taken this quiz